000 00442nam a2200169Ia 4500
008 230524s9999 xx 000 0 und d
020 _a9788131716809
082 _bJEN
100 _aJohn R. Jensen
_942824
245 0 _aRemote Sensing of The Environment : An Earth Resource Perspective
250 _a2
260 _aNew Delhi
_bPearson
_c2013
300 _a"XII,583p;"
500 _aQuantity Number: 1
650 _aCivil
942 _cBK
999 _c57794
_d57794